El régimen jurídico y la responsabilidad en la América Indiana.
Guardat en:
| Autor principal: | |
|---|---|
| Altres autors: | |
| Format: | Llibre |
| Publicat: |
México, D.F., México:
Universidad Nacional Autónoma de México,
1993.
|
| Edició: | Segunda edición. |
| Col·lecció: | Estudios Históricos,
34. |
| Matèries: | |
| Accés en línia: | Disponible Online - Desde UNAM |
| Etiquetes: |
Afegir etiqueta
Sense etiquetes, Sigues el primer a etiquetar aquest registre!
|
MARC
| LEADER | 00000nam a2200000 a 4500 | ||
|---|---|---|---|
| 001 | UCO4114 | ||
| 003 | CL-VaPUC | ||
| 005 | 20220822114515.0 | ||
| 008 | 220622b1993 ||||| |||| 00| 0 eng d | ||
| 999 | |c 436190 |d 436188 | ||
| 020 | |a 968-36-3094-4 | ||
| 040 | |c Pontificia Universidad Católica de Valparaíso | ||
| 082 | 7 | |a 351.98 VIÑ 1993 |2 22 | |
| 100 | 0 | |a Viñas Mey, Carmelo |e autor |9 448282 | |
| 245 | 1 | 0 | |a El régimen jurídico y la responsabilidad en la América Indiana. |
| 250 | |a Segunda edición. | ||
| 260 | |a México, D.F., México: |b Universidad Nacional Autónoma de México, |c 1993. | ||
| 300 | |a 71 páginas | ||
| 490 | |a Estudios Históricos, |v 34. | ||
| 500 | |a c.1 Donación Familia Prof. Alejandro Guzmán Brito. | ||
| 583 | |a last modification |c 20000728 00:00:00 |k Cristina María Rojas Aguilar | ||
| 650 | |a Administración de justicia |z América latina |x Historia |9 871252 | ||
| 651 | |a España |x Colonias |x Administración |9 871253 | ||
| 700 | |a Martínez Báez, Antonio |e proemio |9 871121 | ||
| 856 | |y Disponible Online - Desde UNAM |u http://ru.juridicas.unam.mx/xmlui/handle/123456789/9783 | ||
| 942 | |c BK |2 ddc |n 0 | ||
| 952 | |0 0 |1 0 |2 ddc |4 0 |6 351_980000000000000_VIÑ_1993 |7 0 |8 C_AGB |9 583929 |a BIBDER |b BIBDER |d 2022-06-22 |e Donación |i 5652017 |o 351.98 VIÑ 1993 |p 5652017 |r 2023-01-25 |t 1 |w 2022-06-22 |y BK_US |k AGB | ||